MARC

LEADER 00000nam0a2200000 4500
001 57703
005 20231031054413.0
035 |a (RuTPU)RU\TPU\book\60924 
035 |a RU\TPU\book\58619 
090 |a 57703 
100 |a 20031114d1978 k y0rusy50 ca 
101 0 |a rus 
102 |a RU 
105 |a a z 001zy 
200 1 |a Омагничивание водных систем  |f В. И. Классен 
210 |a Москва  |c Химия  |d 1978 
215 |a 296 с.  |c ил. 
320 |a Библиогр.: с. 287-296. 
610 1 |a водные системы 
610 1 |a обработка 
610 1 |a магнитная обработка 
610 1 |a примеси 
610 1 |a биологические системы 
610 1 |a магнетохимия 
610 1 |a вода 
675 |a 628.16  |v 3 
700 1 |a Классен  |b В. И.  |g Вилли Иванович 
801 1 |a RU  |b 63413507  |c 20030922  |g PSBO 
801 2 |a RU  |b 63413507  |c 20111026  |g PSBO 
942 |c BK